Bioremediation of petroleum hydrocarbons in cold regions (Record no. 27734)

MARC details
000 -LEADER
fixed length control field 00550nam a2200181Ia 4500
020 ## - INTERNATIONAL STANDARD BOOK NUMBER
ISBN 9781107410503
050 ## - CALL MARK
Classification number TD 196.P4 .F55/
100 ## - STATEMENT OF RESPONSIBILITY--MAIN AUTHOR NAME
Personal name Filler, Dennis M.
245 #0 - TITLE STATEMENT
Title Bioremediation of petroleum hydrocarbons in cold regions
260 ## - PUBLICATION, DISTRIBUTION, ETC. (IMPRINT)
Place of publication United state
260 ## - PUBLICATION, DISTRIBUTION, ETC. (IMPRINT)
Name of publisher Cambridge University Press
260 ## - PUBLICATION, DISTRIBUTION, ETC. (IMPRINT)
Year of publication 2012
300 ## - PHYSICAL DESCRIPTION
Number of Pages 273 p
650 ## - SUBJECT ADDED ENTRY--TOPICAL TERM
Topical Term Petroleum chemicals--Environmental aspects--Cold regions. Bioremediation--Cold regions.
942 ## - ADDED ENTRY ELEMENTS (KOHA)
Koha item type Books
Holdings
Withdrawn status Lost status Source of classification or shelving scheme Damaged status Not for loan Permanent Location Current Location Date acquired Accession Number Price effective from Koha item type
    Library of Congress Classification     NILE UNIVERSITY OF NIGERIA - MAIN LIBRARY NILE UNIVERSITY OF NIGERIA - MAIN LIBRARY 04/23/2025 0185700 04/23/2025 Books